| 000 | 00415nam a2200157 i 4500 | ||
|---|---|---|---|
| 001 | 72074 | ||
| 003 | ES-MaACL | ||
| 005 | 20230906171321.0 | ||
| 007 | t| | ||
| 008 | 040825s1967 sp ||||1| spa d | ||
| 100 | 1 |
_aGil de Ramales, Isabel. _956799 |
|
| 245 | 1 | 0 |
_aPasitos, ven / _cIsabel Gil de Ramales. |
| 260 |
_aMadrid : _bAguilar, _c1967. |
||
| 300 |
_a92 p. ; _c19 cm. |
||
| 852 |
_aES-MaACL _jC-32647 _bR.63084 |
||
| 999 |
_c72074 _d72074 |
||